[Event "Amposta Balague Memorial 1st"]
[Site "Amposta"]
[Date "2014.07.26"]
[Round "6"]
[White "Esplugas Esteve, Vicenc"]
[Black "Ferre Fornos, Joan"]
[Result "1-0"]
[WhiteElo "2251"]
[BlackElo "2035"]
[PlyCount "53"]
[EventDate "2014.07.24"]
[EventType "swiss"]
[EventRounds "7"]
[EventCountry "ESP"]
[SourceTitle "CBM 161 Extra"]
[Source "ChessBase"]
[SourceDate "2014.08.29"]
[SourceVersion "1"]
[SourceVersionDate "2014.08.29"]
[SourceQuality "1"]

1. e4 d6 2. d4 Nf6 3. Nc3 g6 4. f4 Bg7 5. Nf3 0-0 6. e5 Nfd7 7. h4 c5 8. h5 cxd4 9. hxg6 dxc3 10. gxf7+ Rxf7 11. Bc4 e6 12. Ng5 Nxe5 13. Qh5 Qf6 14. fxe5 Qxe5+ 15. Kd1 Rf5 16. bxc3 h6 17. Re1 Qxc3 18. Bxe6+ Bxe6 19. Qe8+ Rf8 20. Qxe6+ Kh8 21. Rb1 Nc6 22. Nf7+ Kh7 23. Qe4+ Kg8 24. Nxh6+ Bxh6 25. Bxh6 Qf6 26. Bxf8 Rxf8 27. Qg4+ 1-0

[Event "Tortosa op"]
[Site "Tortosa"]
[Date "1996.07.12"]
[Round "8"]
[White "Ferre Fornos, Joan"]
[Black "Tafalla Grau, Angel"]
[Result "0-1"]
[WhiteElo "2025"]
[BlackElo "2145"]
[PlyCount "84"]
[EventDate "1996.07.05"]
[EventType "swiss"]
[EventRounds "9"]
[EventCountry "ESP"]
[SourceTitle "EXT 2003"]
[Source "ChessBase"]
[SourceDate "2002.11.25"]
[SourceVersion "1"]
[SourceVersionDate "2002.11.25"]
[SourceQuality "1"]

1. e4 g6 2. d4 Bg7 3. Nc3 d6 4. Nf3 Nf6 5. Be2 0-0 6. 0-0 Bg4 7. Be3 c6 8. Qd2 Nbd7 9. h3 Bxf3 10. Bxf3 Qc7 11. Ne2 Rad8 12. c4 c5 13. Rac1 a6 14. Ng3 Kh8 15. Be2 Ng8 16. f4 e5 17. dxe5 dxe5 18. f5 Nb8 19. Qc3 b6 20. a3 Nc6 21. Bd3 Nd4 22. Kh2 Qe7 23. b4 Qd6 24. Bb1 h5 25. Rf2 Nh6 26. Bg5 f6 27. Be3 h4 28. Nh1 gxf5 29. exf5 e4+ 30. Bf4 Qe7 31. Re1 Nhxf5 32. Rxe4 Qd7 33. Qe1 Rde8 34. Rf1 Rxe4 35. Qxe4 Re8 36. Qd3 Bf8 37. b5 axb5 38. cxb5 Bd6 39. Bxd6 Qxd6+ 40. Kg1 Ne2+ 41. Kf2 Qf4+ 42. Ke1 Nc3+ 0-1

[Event "Tortosa op"]
[Site "Tortosa"]
[Date "1996.07.11"]
[Round "7"]
[White "Ferre Fornos, Joan"]
[Black "Jove Barbera, Josep Lluis"]
[Result "1/2-1/2"]
[WhiteElo "2025"]
[BlackElo "2075"]
[PlyCount "78"]
[EventDate "1996.07.05"]
[EventType "swiss"]
[EventRounds "9"]
[EventCountry "ESP"]
[SourceTitle "EXT 2003"]
[Source "ChessBase"]
[SourceDate "2002.11.25"]
[SourceVersion "1"]
[SourceVersionDate "2002.11.25"]
[SourceQuality "1"]

1. e4 c5 2. Nf3 d6 3. d4 cxd4 4. Nxd4 Nf6 5. Nc3 a6 6. Be2 e6 7. 0-0 Be7 8. Be3 Nbd7 9. f4 Qc7 10. Bf3 0-0 11. Kh1 Rb8 12. Qe1 b5 13. e5 dxe5 14. Nc6 Bd6 15. Nxb8 Qxb8 16. fxe5 Nxe5 17. Ne4 Nxe4 18. Bxe4 Ng4 19. Bxh7+ Kxh7 20. Qh4+ Nh6 21. Bxh6 gxh6 22. Rf6 Bf4 23. Rxf4 Qe5 24. Rf6 Qg5 25. Qxg5 hxg5 26. Rd1 Bb7 27. Rd7 Kg7 28. Rf2 Bd5 29. a3 a5 30. Ra7 a4 31. Rd7 Kg6 32. Kg1 g4 33. Rd2 Rc8 34. Kf2 Rc4 35. g3 f5 36. c3 Rc5 37. Rd6 Kf6 38. Rd7 Ke5 39. Rd8 Rc7 1/2-1/2